[Event "Bad Woerishofen op"]
[Site "Bad Woerishofen"]
[Date "2001.??.??"]
[Round "7"]
[White "Krklec, Daniel"]
[Black "Schaffarth, Peter"]
[Result "1-0"]
[WhiteElo "1800"]
[BlackElo "2141"]
[Annotator "ChessOrg"]
[PlyCount "61"]
[EventDate "1998.03.05"]
[Source "ChessBase"]
[SourceDate "1998.04.29"]

1. d4 {A51: Budapester Gambit (Fajarowicz-Variante)} 1... Nf6 2. c4 e5 3. dxe5
Ne4 4. Nf3 Bb4+ 5. Nbd2 Nc6 6. a3 Bxd2+ 7. Bxd2 Nxd2 8. Qxd2 Qe7 9. Qc3 O-O 10.
e3 {letzter Buchzug} 10... Re8 11. Bd3 Nxe5 12. Nxe5 Qxe5 13. Qc2 h6 14. O-O-O
d6 15. Rdg1 (15. h3 $5 $11) 15... Bd7 16. h4 (16. Re1 16... b5 $15) 16... Bc6 (
16... b5 17. g4 Rab8 18. g5 bxc4 19. Bxc4 $17) 17. Rh3 $15 17... Be4 (17...
Rab8 18. f4 Qa5 19. g4 $15) 18. g4 Bxd3 19. Qxd3 Qe4 20. Qc3 d5 21. g5 (21. h5
f6 22. g5 fxg5 23. f4 $15) 21... h5 $15 22. g6 f6 23. cxd5 Qxd5 24. Rd1 (24.
Qxc7 Rac8 25. Qc3 25... Qd3 $19) 24... Qf5 25. Qc4+ Kh8 26. Qd5 Re5 (26... Qxf2
$4 27. Qxh5+ Kg8 28. Qh7+ Kf8 29. Qh8+ Ke7 30. Qxg7+ Ke6 31. Qd7+ Ke5 32. Qd5#)
27. Qd8+ Re8 28. Qd7 (28. Qd5 28... Qg4 $11) 28... Re6 (28... Qc5+ 29. Kb1 Qc4
30. Qd5 $11) 29. Rd5 $11 29... Qg4 30. Kd2 30... Rae8 $4 (30... Re5 $142 31.
Qd8+ Re8 32. Qxc7 32... f5 $14) 31. Rg3 $18 (31. Rg3 Qf5 32. Rxf5 Rd6+ 33. Qxd6
cxd6 34. Rxh5+ Kg8 35. Rg4 $18) (31. Qxc7 $6 31... Re5 (31... Qxg6 $2 32. Rg3 (
32. Qxb7 $6 32... Rb6 33. Rg3 Rxb7 34. Rxg6 Rxb2+ 35. Kd3 Rb3+ 36. Ke2 36...
Rxa3 $11) 32... Qh7 33. Rxh5 (33. Qxb7 $6 33... Rb6 34. Qd7 Rxb2+ 35. Ke1 35...
Reb8 $11) 33... Rd6+ 34. Ke1 Rd1+ 35. Kxd1 Qxh5+ 36. Ke1 $18) 32. Rxe5 32...
fxe5 $11) 1-0

[Event "Bad Woerishofen op"]
[Site "Bad Woerishofen"]
[Date "2001.??.??"]
[Round "9"]
[White "Krklec, Daniel"]
[Black "Lieb, Harald"]
[Result "0-1"]
[WhiteElo "1800"]
[BlackElo "2259"]
[Annotator "ChessOrg"]
[PlyCount "74"]
[EventDate "1998.03.05"]
[Source "ChessBase"]
[SourceDate "1998.04.29"]

1. d4 {A57: Wolga/Benkoe-Gambit} 1... Nf6 2. c4 c5 3. d5 b5 4. cxb5 a6 5. b6 d6
6. Nc3 Nbd7 7. e4 g6 8. f4 {letzter Buchzug} 8... Bg7 9. Nf3 O-O 10. a4 Qxb6
11. a5 Qc7 12. Bc4 Rb8 13. O-O Re8 (13... Ng4 14. Qe2 Qa7 15. h3 $11) 14. Qd3 (
14. Qe2 14... Qa7 $14) 14... Nf8 (14... Ra8 15. Bd2 $11) 15. Ra2 (15. Bxa6 $5
$142 15... Bxa6 16. Qxa6 $16) 15... e6 16. b3 exd5 17. Nxd5 Nxd5 18. Bxd5 Bb7
19. f5 Bxd5 20. exd5 (20. Qxd5 20... Rb5 $11) 20... Qb7 21. fxg6 fxg6 22. Bf4
Qxb3 23. Qxb3 Rxb3 24. Bxd6 c4 25. Bc7 (25. Rd1 25... Rb5 $15) 25... c3 26. d6
Nd7 27. Kf2 Rb2+ 28. Rxb2 cxb2 29. Nd2 (29. Rb1 $5 $17) 29... Bd4+ $19 30. Kf3
Re3+ 31. Kf2 Nc5 (31... Ne5 32. Rb1 Rc3+ 33. Ke2 $19) 32. Bb6 $2 (32. Rb1 $17
$142) 32... Re6+ 33. Kg3 Rxd6 34. Ne4 $4 (34. Rb1 Be5+ 35. Kf3 Rxd2 36. Bxc5
$19) 34... Nxe4+ 35. Kh3 Nd2 (35... Bxb6 $142 36. axb6 Rd1 37. Rxd1 Nf2+ 38.
Kg3 Nxd1 39. Kf4 $19) 36. Rd1 b1=Q (36... Bxb6 $5 37. axb6 Rxb6 38. g4 $19) 37.
Rxb1 Nxb1 (37... Nxb1 38. Bxd4 38... Rxd4 $19) 0-1

[Event "Bad Woerishofen op"]
[Site "?"]
[Date "2001.??.??"]
[Round "1"]
[White "Kroencke, Manfred"]
[Black "Campe, Herbert"]
[Result "1-0"]
[WhiteElo "2161"]
[BlackElo "1716"]
[Annotator "ChessOrg"]
[PlyCount "73"]
[EventDate "2000.??.??"]

1. e4 {B52: Sizilianisch (Rossolimo-Variante)} 1... c5 2. Nf3 d6 3. Bb5+ Bd7 4.
Bxd7+ Qxd7 5. O-O Nc6 6. c3 Nf6 7. d4 cxd4 8. cxd4 g6 9. Nc3 Bg7 10. Re1 O-O
11. h3 {letzter Buchzug} 11... Qc7 (11... d5 12. Ne5 Qd6 13. exd5 Nxd5 14. Nxd5
Qxd5 15. Nxc6 bxc6 16. Rxe7 $11) 12. Bg5 $16 12... e6 13. Qd2 Qa5 14. a3 b5 (
14... Qb6 15. Rac1 $14) 15. d5 exd5 16. exd5 Nb8 17. b4 (17. Qf4 $5 17... Nbd7
18. Qxd6 $18) 17... Qb6 $16 18. Be3 Qb7 19. Bd4 Nbd7 20. Re7 Rae8 21. Rae1 Qb8
22. Qf4 22... Nh5 $2 (22... a6 $14 $142) 23. Qxf7+ $1 $18 23... Rxf7 24. Rxe8+
Qxe8 25. Rxe8+ Rf8 26. Rxf8+ Kxf8 27. Bxg7+ Nxg7 28. Nxb5 a6 29. Nc7 Nb8 30.
Nd4 Ke7 31. Nc6+ 31... Nxc6 $2 (31... Kd7 32. Nxb8+ Kxc7 33. Nxa6+ 33... Kb7
$18) 32. dxc6 Kd8 (32... Nf5 33. Nxa6 Nd4 34. c7 $18) 33. Nxa6 Ne6 34. b5 Nd4
35. a4 Ne2+ 36. Kf1 Nc3 (36... Nd4 $18) 37. b6 (37. b6 Ke7 38. b7 $18) 1-0

[Event "Bad Woerishofen op"]
[Site "Bad Woerishofen"]
[Date "2001.??.??"]
[Round "3"]
[White "Kroencke, Manfred"]
[Black "Senff, Martin"]
[Result "0-1"]
[WhiteElo "2161"]
[BlackElo "2443"]
[Annotator "ChessOrg"]
[PlyCount "76"]
[EventDate "1998.03.05"]
[Source "ChessBase"]
[SourceDate "1998.04.29"]

1. e4 {B52: Sizilianisch (Rossolimo-Variante)} 1... c5 2. Nf3 d6 3. Bb5+ Bd7 4.
Bxd7+ Qxd7 5. O-O Nc6 6. c3 Nf6 7. d4 Nxe4 8. d5 Ne5 9. Re1 Nxf3+ 10. Qxf3 Nf6
11. c4 e5 12. dxe6 fxe6 13. Nc3 Be7 14. Bg5 h6 15. Qh3 {letzter Buchzug} 15...
Kf7 16. Bxf6 Bxf6 (16... Kxf6 $143 17. Nd5+ Kf7 18. Nf4 $14) 17. Ne4 Bd4 (17...
Bxb2 $6 18. Rab1 Be5 19. Qf3+ Kg6 20. Qd3 $11) 18. Rad1 Rhf8 19. Rd3 Kg8 20.
Re2 Rf4 21. Nd2 Re8 22. g3 Rf7 23. Nb3 Qa4 24. Nxd4 Qxc4 (24... cxd4 $143 25.
b3 (25. Rxe6 $4 25... Rxe6 26. Qxe6 Qc2 (26... Qxa2 $4 27. Rf3 $18) 27. Qxf7+
Kxf7 28. Rxd4 Qxb2 29. Rxd6 29... Ke7 $19) 25... Qc6 26. Rxd4 $14) 25. Red2
cxd4 26. Rxd4 Qc1+ 27. Qf1 Qxf1+ 28. Kxf1 d5 29. Rc2 g5 30. h4 Kg7 31. Kg2 Rd7
32. hxg5 hxg5 33. f4 gxf4 34. gxf4 Kf6 35. Kf3 Rh8 36. Rg2 Rc7 37. Re2 Rh3+ 38.
Kg2 Rch7 (38... Rch7 39. b3 39... a5 $19) 0-1

[Event "Bad Woerishofen op"]
[Site "Bad Woerishofen"]
[Date "2001.??.??"]
[Round "5"]
[White "Kroencke, Manfred"]
[Black "Martino-Gross, Peter"]
[Result "1/2-1/2"]
[WhiteElo "2161"]
[BlackElo "1936"]
[Annotator "ChessOrg"]
[PlyCount "44"]
[EventDate "1998.03.05"]
[Source "ChessBase"]
[SourceDate "1998.04.29"]

1. e4 {C01: Franzoesische Verteidigung (Abtauschvariante)} 1... e6 2. d4 d5 3.
exd5 exd5 4. Qf3 {letzter Buchzug} 4... Nc6 5. c3 Be6 6. Bd3 Qd7 7. h3 Bd6 8.
Ne2 Nge7 9. Bf4 O-O-O 10. Nd2 f6 (10... Bxf4 11. Nxf4 Bf5 12. O-O $11) 11.
O-O-O Bf5 12. Bxf5 Qxf5 13. g4 Qd7 14. Nf1 Bxf4+ 15. Nxf4 Ng6 16. h4 (16. Nd3
16... Nce7 $14) 16... Nxf4 17. Qxf4 Rde8 18. Ng3 Re7 19. Rhe1 Rhe8 20. Rxe7
Rxe7 21. Kd2 Nd8 22. Qf5 g6 1/2-1/2

[Event "Bad Woerishofen op"]
[Site "Bad Woerishofen"]
[Date "2001.??.??"]
[Round "7"]
[White "Kroencke, Manfred"]
[Black "Wissinger, Peter"]
[Result "1/2-1/2"]
[WhiteElo "2161"]
[BlackElo "1965"]
[Annotator "ChessOrg"]
[PlyCount "48"]
[EventDate "1998.03.05"]
[Source "ChessBase"]
[SourceDate "1998.04.29"]

1. e4 {C66: Spanische Partie (Verbesserte Steinitz-Verteidigung)} 1... e5 2.
Nf3 Nc6 3. Nc3 Nf6 4. Bb5 d6 5. d4 Bd7 6. O-O exd4 7. Nxd4 Be7 8. b3 O-O 9.
Bxc6 bxc6 10. h3 {letzter Buchzug} 10... Re8 11. Re1 Bf8 12. Bg5 h6 13. Bh4 g5
14. Bg3 c5 15. Nf3 Nh5 16. Bh2 Bg7 17. Qd3 Bc6 18. g4 (18. e5 dxe5 19. Nxe5
Qxd3 20. cxd3 Bxg2 21. Kxg2 Nf4+ 22. Bxf4 22... gxf4 $11) 18... Qf6 (18... Bxc3
$5 19. Qxc3 19... Qf6 $15) 19. Nd5 $11 19... Bxd5 20. exd5 Nf4 21. Bxf4 Qxf4
22. Rad1 Bf6 23. Re2 Rxe2 24. Qxe2 Kg7 1/2-1/2

[Event "Bad Woerishofen op"]
[Site "Bad Woerishofen"]
[Date "2001.??.??"]
[Round "2"]
[White "Krotofil, Kurt"]
[Black "Sprenger, Jan"]
[Result "1/2-1/2"]
[WhiteElo "2130"]
[BlackElo "2326"]
[Annotator "ChessOrg"]
[PlyCount "72"]
[EventDate "1998.03.05"]
[Source "ChessBase"]
[SourceDate "1998.04.29"]

1. d4 {D49: Damengambit (Meraner Variante)} 1... Nf6 2. c4 c6 3. Nf3 d5 4. Nc3
e6 5. e3 Nbd7 6. Bd3 dxc4 7. Bxc4 b5 8. Bd3 a6 9. e4 c5 10. e5 cxd4 11. Nxb5
Ng4 12. Nbxd4 Ngxe5 13. Be4 Bb4+ 14. Bd2 Rb8 15. O-O Bxd2 16. Qxd2 16... Qb6 {
letzter Buchzug} 17. Rac1 O-O 18. b3 Nxf3+ 19. Nxf3 Nf6 20. Bb1 Bb7 21. Ne5
Rfd8 22. Qe2 Rd5 23. Rfd1 Qd6 24. Nc4 Qf4 25. Ne3 Rh5 26. h3 g6 27. Qc4 Qxc4
28. Rxc4 Ra5 29. Rdd4 Nd5 30. Nxd5 Bxd5 31. Ra4 Rc5 32. Be4 Bxe4 33. Rxe4 a5
34. Rec4 Rbc8 (34... Rd5 35. b4 axb4 36. Raxb4 Rd1+ 37. Kh2 Rxb4 38. Rxb4 $14)
35. Rxc5 (35. Rxa5 Rxc4 36. bxc4 36... Kg7 $14) 35... Rxc5 $11 36. Kf1 Kg7
1/2-1/2

[Event "Bad Woerishofen op"]
[Site "Bad Woerishofen"]
[Date "2001.??.??"]
[Round "4"]
[White "Krotofil, Kurt"]
[Black "Neumann, Peter"]
[Result "1-0"]
[WhiteElo "2137"]
[BlackElo "1769"]
[Annotator "ChessOrg"]
[PlyCount "99"]
[EventDate "1998.03.05"]
[Source "ChessBase"]
[SourceDate "1998.04.29"]

1. d4 {A51: Budapester Gambit (Fajarowicz-Variante)} 1... Nf6 2. c4 e5 3. d5
Bc5 4. e3 {letzter Buchzug} 4... O-O 5. Nf3 d6 6. Be2 Ng4 7. h3 Nf6 8. O-O Nbd7
9. Nc3 a6 10. a3 Ba7 11. b4 Nb6 12. a4 Bf5 13. a5 Nbd7 14. Bb2 (14. Nh4 Nxd5
15. Nxd5 Qxh4 16. Nxc7 16... Rac8 $14) 14... Ne4 $11 15. Nxe4 Bxe4 16. Bd3 Bxd3
17. Qxd3 f5 18. Qc3 Qf6 19. c5 (19. Rfd1 19... Qg6 $11) 19... e4 (19... dxc5
20. bxc5 e4 21. Qxf6 Nxf6 22. Ng5 Nxd5 23. Rfd1 $17) 20. Nd4 dxc5 21. bxc5 (21.
Ne6 Qxc3 22. Bxc3 22... Rfc8 $11) 21... Nxc5 22. Ba3 b6 23. Qc4 Qd6 (23... b5
24. Qc2 Nd3 25. Bxf8 Bxd4 26. Bxg7 Qxg7 27. exd4 $11) 24. Ne6 $14 24... Rf7 (
24... Rfb8 $14) 25. Rac1 (25. axb6 cxb6 26. Bxc5 bxc5 27. Rxa6 $18) 25... Rd7
$11 26. Rfd1 26... Qe5 $2 (26... Rb8 27. Rb1 $11) 27. Nxc5 (27. Bxc5 $5 27...
bxc5 28. Qxa6 $18) 27... bxc5 $16 28. d6+ (28. Qxa6 $5 28... Qd6 29. Qc4 $16)
28... Kh8 $11 29. Rd5 Qf6 30. Bxc5 Bxc5 31. Qxc5 Rxd6 (31... cxd6 $5 $142 32.
Qd4 32... Qf8 $14) 32. Rxf5 $16 32... Qd8 33. Rf7 Rd7 (33... Rd5 $5 34. Qxc7
Qxc7 35. Rfxc7 35... Kg8 $16) 34. Rxd7 Qxd7 35. Qxc7 Qf5 36. Rd1 (36. Qc5 $5
$142 36... Qxc5 37. Rxc5 $18) 36... Rf8 $16 37. Rd2 h6 38. Qb6 Rf6 39. Qd8+ Kh7
40. Qd5 40... Qc8 $2 (40... Rf8 $16 $142) 41. Qxe4+ $18 41... Kh8 42. Rc2 Qd8
43. Rb2 Qd1+ 44. Kh2 Qd6+ 45. g3 (45. f4 $5 45... Qd8 $18) 45... Qc7 46. Kg2
Rf8 47. Rb6 Qf7 48. Qf4 Qd5+ 49. e4 Qc5 50. Rb8 (50. Rb8 Rxb8 51. Qxb8+ Kh7 52.
Qb6 $18) 1-0

[Event "Bad Woerishofen op"]
[Site "Bad Woerishofen"]
[Date "2001.??.??"]
[Round "6"]
[White "Krotofil, Kurt"]
[Black "Wendel, Stephan"]
[Result "0-1"]
[WhiteElo "2137"]
[BlackElo "2217"]
[Annotator "ChessOrg"]
[PlyCount "96"]
[EventDate "1998.03.05"]
[Source "ChessBase"]
[SourceDate "1998.04.29"]

1. d4 {D94: Gruenfeld-Verteidigung (Geschlossenes System)} 1... d5 2. c4 c6 3.
Nf3 Nf6 4. e3 g6 5. Nc3 Bg7 6. Bd3 O-O 7. O-O Bg4 8. cxd5 8... cxd5 {
letzter Buchzug.} 9. h3 Bxf3 10. Qxf3 (10. gxf3 $143 10... Nc6 $17) 10... Nc6
11. Qd1 Rc8 12. f4 (12. Qb3 Na5 13. Qb4 13... Qc7 $11) 12... e6 13. Bd2 a6 14.
Rc1 b5 15. b3 Qb6 16. Be1 Nd7 17. Be2 f5 18. g4 Nf6 19. Kg2 Ne4 20. g5 Rc7 21.
Qd3 (21. Nxe4 $5 21... dxe4 22. a4 $11) 21... Nb4 22. Qb1 Rfc8 23. Qb2 Bf8 24.
Bd2 (24. a3 $5 24... Nxc3 25. Rxc3 $11) 24... Nxc3 $17 25. Rxc3 Rxc3 26. Bxc3
26... Nxa2 $1 27. Bd2 (27. Qxa2 27... Rxc3 $19) 27... Nb4 28. Bxb4 Bxb4 29. Rc1
Rc6 30. Bd3 Kf7 31. Rxc6 Qxc6 32. Qc2 Qxc2+ 33. Bxc2 Be1 34. Kf3 Ke7 35. Ke2
Bh4 36. Bd1 Kd6 37. Bc2 Kc6 38. Bd1 Kb6 39. Bc2 (39. b4 $5 $17) 39... Ka5 $19
40. Bd1 Kb4 41. Kd3 a5 42. Kd2 $2 (42. Bc2 $19 $142) 42... a4 43. bxa4 bxa4 44.
Be2 Bf2 45. Ba6 45... Bxe3+ $1 46. Kc2 (46. Kxe3 a3) 46... Bxd4 (46... Bxf4 $6
47. Bc8 $19) 47. Bc8 (47. Kb1 Kb3 48. Be2 $19) 47... a3 48. Kb1 Kb3 (48... Kb3
49. Bxe6 a2+ 50. Kc1 a1=Q+ 51. Kd2 Qc3+ 52. Ke2 Qe3+ 53. Kd1 Kc3 54. Bxd5 Qd2#)
0-1

[Event "Bad Woerishofen op"]
[Site "Bad Woerishofen"]
[Date "2001.??.??"]
[Round "8"]
[White "Krotofil, Kurt"]
[Black "Hutter, Otto"]
[Result "1-0"]
[WhiteElo "2137"]
[BlackElo "2210"]
[Annotator "ChessOrg"]
[PlyCount "83"]
[EventDate "1998.03.05"]
[Source "ChessBase"]
[SourceDate "1998.04.29"]

1. d4 {A84: Hollaendische Verteidigung} 1... d5 2. c4 e6 3. Nc3 f5 4. Nf3 Nf6
5. g3 c6 6. b3 Bd6 7. Bg2 O-O 8. O-O 8... Qe8 {letzter Buchzug} 9. e3 Nbd7 10.
Bb2 Qh5 11. Ne2 g5 12. Nc1 Ng4 13. Nd3 Rf6 14. h3 Nxe3 (14... Rh6 $5 $14) 15.
fxe3 $16 15... Bxg3 16. Nfe5 Qh4 17. Bc3 (17. Ba3 17... Rh6 $16) 17... Rh6 (
17... g4 $5 $142 18. Nxd7 18... Bxd7 $16) 18. Be1 $18 18... Bxe1 19. Qxe1 (19.
Nxe1 $6 19... Nxe5 20. dxe5 20... Qg3 $14) 19... Qh5 20. Qg3 Kh8 (20... Qh4
$142 21. Qxh4 21... Rxh4 $18 (21... gxh4 $2 22. Kf2 $18)) 21. cxd5 Nf6 (21...
cxd5 22. Rac1 Qh4 23. Nf7+ Kg8 24. Nxh6+ Qxh6 25. Rc7 $18) 22. Bf3 (22. dxc6
$142 22... bxc6 23. Bxc6 $18) 22... Qxh3 23. Qxh3 Rxh3 24. dxc6 bxc6 25. Nf2
Rh4 26. Bxc6 Rb8 27. Nf7+ Kg7 28. Nxg5 Ba6 29. Rfc1 (29. Nxe6+ $143 29... Kf7
30. Ng5+ 30... Ke7 $18) 29... Rg8 30. Ngh3 (30. Bg2 $142 30... Nd5 31. Bxd5 (
31. Nxe6+ $6 31... Kf7 32. Rc6 32... Be2 $18) 31... exd5 32. Ngh3 $18) 30...
Kh6+ $16 31. Bg2 (31. Kh2 Ng4+ 32. Kg3 Nxf2+ 33. Kxf2 33... Rxh3 $16) 31... Bb7
$14 32. Nf4 Nh5 (32... Rxf4 33. exf4 Nh5 34. Nh3 Rxg2+ 35. Kf1 $11) 33. N2d3
33... Rhg4 $2 (33... Nxf4 $142 34. Nxf4 Rxf4 35. exf4 Rxg2+ 36. Kf1 36... Rh2
$16) 34. Rc2 $18 34... Be4 35. Rd2 Ng3 (35... Rg3 36. Re1 $18) 36. Ne5 (36.
Nxe6 $6 36... Bxd3 37. Re1 37... Ne4 $14) 36... R4g7 (36... Rh4 37. Re1 $18 (
37. Nxe6 $6 37... Bxg2 38. Nf7+ 38... Kg6 $11)) 37. Rc1 (37. Kh2 Nh5 38. Bxe4
Nxf4 39. exf4 39... fxe4 $18) 37... Nh5 38. Kh2 Nxf4 39. exf4 (39. Bxe4 $142
39... Ng6 40. Nxg6 Kxg6 41. Rg2+ Kf6 42. Bf3 $18) 39... Rxg2+ $11 40. Rxg2
Rxg2+ (40... Bxg2 $4 41. Rg1 $18) 41. Kh3 41... Rxa2 $4 (41... a6 $11 $142) 42.
Rg1 $18 (42. Rg1 Rg2 43. Rxg2 Bxg2+ 44. Kxg2 $18) 1-0

[Event "Bad Woerishofen op"]
[Site "?"]
[Date "2001.??.??"]
[Round "1"]
[White "Kugelmann, Werner"]
[Black "Luhn, Robert"]
[Result "1-0"]
[WhiteElo "2159"]
[BlackElo "1800"]
[Annotator "ChessOrg"]
[PlyCount "49"]
[EventDate "2000.??.??"]

1. e4 {B23: Sizilianisch (Geschlossenes System)} 1... c5 2. Nc3 d6 3. f4 Nc6 4.
Nf3 e6 5. Bc4 {letzter Buchzug} 5... Nf6 6. Bb3 a6 7. d3 Qc7 8. a4 Rb8 9. O-O
b5 (9... Be7 10. Re1 $11) 10. axb5 $14 10... axb5 11. Kh1 b4 12. Ne2 Be7 13.
Ng3 O-O 14. Be3 Nd7 (14... d5 15. Ng5 $11) 15. f5 Nde5 (15... Nf6 16. Nd2 $14)
16. Nxe5 Nxe5 17. Nh5 Rd8 (17... exf5 18. exf5 Re8 19. Qe1 $16) 18. f6 Bf8 (
18... gxf6 $5 $142 19. d4 cxd4 20. Bxd4 d5 21. exd5 21... exd5 $16) 19. fxg7
$18 19... Be7 20. Nf6+ (20. Bf4 $5 20... Nc6 $18) 20... Bxf6 21. Rxf6 Kxg7 22.
Qh5 Ng6 (22... Re8 $18 $142) 23. Raf1 Rd7 (23... Rb7 24. Bg5 Ra7 25. Qh6+ 25...
Kg8 $18) 24. Qh6+ Kg8 25. Bxe6 $1 (25. Bxe6 Ba6 26. Rxg6+ hxg6 27. Qxg6+ Kh8
28. Qf6+ Kg8 29. Bd5 Qd8 30. Qg6+ Kh8 31. Qh5+ Kg8 32. Rxf7 Rxf7 33. Qxf7+ Kh8
34. Qh5+ Kg7 35. Qh6#) 1-0

[Event "Bad Woerishofen op"]
[Site "Bad Woerishofen"]
[Date "2001.??.??"]
[Round "3"]
[White "Kugelmann, Werner"]
[Black "Koscielski, Janusch"]
[Result "1-0"]
[WhiteElo "2159"]
[BlackElo "2358"]
[Annotator "ChessOrg"]
[PlyCount "160"]
[EventDate "1998.03.05"]
[Source "ChessBase"]
[SourceDate "1998.04.29"]

1. e4 {B23: Sizilianisch (Geschlossenes System)} 1... c5 2. Nc3 Nc6 3. f4 g6 4.
Nf3 Bg7 5. Bc4 e6 6. f5 Nge7 7. fxe6 fxe6 8. d3 d5 9. Bb3 O-O 10. O-O 10... d4
{letzter Buchzug} 11. Ne2 Na5 12. Qe1 Nxb3 13. axb3 Nc6 14. Bg5 Qc7 15. Qh4 e5
16. Rf2 Be6 17. Bh6 Bxh6 18. Qxh6 Qg7 19. Qh4 Nb4 20. Rc1 (20. Nc1 g5 21. Qg3
21... g4 $15) 20... Rae8 (20... Bxb3 $5 21. Ng3 21... Rf4 $17) 21. Rff1 $15
21... h6 22. Qg3 Bd7 23. h3 b6 24. Kh2 Kh7 25. Rfd1 Bb5 26. Nd2 Re7 27. Ng1 g5
28. Nc4 Bxc4 29. bxc4 Ref7 30. Rd2 Rf4 31. Nf3 Nc6 32. Kg1 (32. Rf1 32... Qg6
$11) 32... R8f7 (32... g4 $5 33. Nh2 33... Qg5 $15) 33. Rf1 $11 33... Qg6 34.
Rdf2 Qe6 35. h4 g4 36. Ne1 Rxf2 37. Rxf2 Rxf2 38. Qxf2 Kg7 39. Kh2 Ne7 40. g3
a6 41. Qe2 b5 42. cxb5 axb5 43. b3 Ng8 44. Ng2 Nf6 45. Ne1 Ne8 46. Ng2 Nd6 47.
h5 Ne8 (47... Kf6 48. Qd2 Ke7 49. Nh4 $11) 48. Nh4 $11 48... Nf6 49. Qf1 Nxh5
50. Qf5 (50. Nf5+ Kh7 51. Qa1 51... Qb6 $11) 50... Qxf5 51. Nxf5+ (51. exf5 $2
51... Kf6 $19) 51... Kg6 52. Nd6 Nf6 53. Nxb5 h5 54. Nd6 Nd7 55. Kg2 Kg5 56.
Nf7+ Kf6 57. Nd6 Nb8 58. Kf2 Na6 59. Nb5 Nb4 60. Na3 Kg5 61. Kg2 h4 62. gxh4+
Kxh4 63. Nc4 Nxc2 64. Nxe5 Ne3+ (64... g3 65. Nf3+ Kg4 66. Ne5+ Kf4 67. Ng6+
67... Ke3 $11) 65. Kg1 $14 65... g3 66. Nd7 g2 67. Nxc5 Kh3 68. Ne6 68... Kg3
$2 (68... Ng4 $5 $16 $142) 69. Nxd4 $18 69... Nd1 $2 (69... Ng4 70. b4 Ne5 71.
b5 Nxd3 72. Ne2+ Kg4 73. b6 $18) 70. Nf5+ (70. e5 $5 $142 70... Nf2 71. Nf5+
Kf3 72. Nh4+ 72... Ke2 $18) 70... Kh3 71. e5 Nc3 72. Nd4 Nd5 73. Ne2 Nc7 74. d4
Ne6 (74... Kg4 75. Kxg2 75... Nd5 $18) 75. d5 Ng5 76. e6 Nf3+ 77. Kf2 Nd2 78.
Nf4+ (78. Ke3 $142 78... Nf1+ 79. Kd3 $18) 78... Kg4 79. Nxg2 Kf5 80. e7 Ne4+
1-0

[Event "Bad Woerishofen op"]
[Site "Bad Woerishofen"]
[Date "2001.??.??"]
[Round "5"]
[White "Kugelmann, Werner"]
[Black "Joergens, Markus"]
[Result "1-0"]
[WhiteElo "2159"]
[BlackElo "2276"]
[Annotator "ChessOrg"]
[PlyCount "133"]
[EventDate "1998.03.05"]
[Source "ChessBase"]
[SourceDate "1998.04.29"]

1. e4 {C02: Franzoesische Verteidigung (Vorstossvariante)} 1... e6 2. d4 d5 3.
e5 c5 4. c3 Nc6 5. Nf3 Bd7 6. Be2 Nge7 7. Na3 cxd4 8. cxd4 Nf5 9. Nc2 Qb6 10.
O-O a5 11. g4 Nfe7 12. h3 {letzter Buchzug} 12... Ng6 13. a4 (13. b3 13... Rc8
$11) 13... Be7 14. Na3 f6 15. exf6 Bxf6 16. Nb5 O-O 17. Be3 Qd8 18. Qd2 Nb4 19.
Rac1 Bxb5 20. axb5 Qd6 21. Kg2 Bd8 22. Ng1 Bc7 23. f4 Rxf4 (23... Nxf4+ $143
24. Rxf4 Rxf4 25. Rxc7 Rxg4+ 26. Bxg4 Qxc7 27. Bxe6+ Kh8 28. Nf3 $11) 24. Bxf4
Nxf4+ 25. Kh1 25... Nh5 $1 26. Rxc7 (26. gxh5 Qh2#) 26... Ng3+ 27. Kg2 Nxf1 (
27... Qxc7 28. Rc1 Qd6 29. Nf3 $17) 28. Qc3 Ne3+ 29. Kh1 h6 30. Rxb7 $4 (30.
Qc5 Qxc5 31. dxc5 $11) 30... Qg3 $19 31. Bf3 Nf1 (31... Nd1 $1 $142 32. Bxd1
32... Nd3 $19) 32. Qc7 $11 32... Qxc7 33. Rxc7 Rb8 34. Kg2 Nd2 (34... Ne3+ $5
35. Kf2 35... Nec2 $15) 35. Be2 $14 35... Nb3 (35... Nc4 $5 36. b3 36... Na3
$11) 36. Nf3 $16 36... Kf8 37. h4 a4 38. g5 hxg5 39. hxg5 Na5 (39... g6 40. Ra7
$16) 40. Ra7 (40. Ne5 $5 40... Kg8 41. b6 41... Nc4 $18) 40... Nc4 41. Rxa4 Nc2
42. b3 Nd6 43. Ne5 Rb7 44. b6 Ke8 45. Bh5+ Kd8 46. Bg6 Ne3+ 47. Kf3 47... Nf1
$2 (47... Nef5 $142 48. Bxf5 48... exf5 $16) 48. Ra8+ Nc8 49. Nf7+ (49. Bd3 $5
49... Rxb6 50. Bxf1 Rxb3+ 51. Kf4 51... Kc7 $18) 49... Kd7 50. Rxc8 (50. Kf2 $5
$142 50... Nd2 51. Ne5+ 51... Kd8 $18) 50... Kxc8 51. Nd6+ Kb8 52. Nxb7 Kxb7
53. Bf7 (53. Kf2 $5 $142 53... Nh2 54. Bh5 $18) 53... Kxb6 $16 54. Kf4 Nd2 55.
Bxe6 Kc6 56. b4 Kd6 57. Bf7 Nc4 58. b5 Nb6 (58... Na3 59. b6 Kc6 60. Bxd5+ Kxb6
61. Ke5 $18) 59. Kf5 Ke7 60. Bg8 Nc4 (60... Nc8 61. Kg6 (61. Bxd5 $6 61... Nd6+
62. Ke5 62... Nxb5 $18) 61... Kf8 62. Be6 $18) 61. Kg6 (61. Bxd5 $6 61... Nd6+
62. Kf4 62... Nxb5 $18) 61... Ne3 (61... Kf8 62. Bxd5 62... Nb6 $18) 62. b6 Kd6
63. b7 Kc7 64. Be6 (64. Kxg7 $142 64... Nf5+ 65. Kf6 $18) 64... Kxb7 (64... Nc2
65. Kxg7 65... Nxd4 $18) 65. Kxg7 Nc2 66. Kf6 Nxd4 67. g6 (67. g6 Nxe6 68. Kxe6
$18) 1-0

[Event "Bad Woerishofen op"]
[Site "Bad Woerishofen"]
[Date "2001.??.??"]
[Round "7"]
[White "Kugelmann, Werner"]
[Black "Loew, Gerald"]
[Result "1/2-1/2"]
[WhiteElo "2159"]
[BlackElo "2283"]
[Annotator "ChessOrg"]
[PlyCount "63"]
[EventDate "1998.03.05"]
[Source "ChessBase"]
[SourceDate "1998.04.29"]

1. e4 {B23: Sizilianisch (Geschlossenes System)} 1... c5 2. Nc3 Nc6 3. f4 g6 4.
Nf3 Bg7 5. Bc4 e6 6. f5 Nge7 7. fxe6 fxe6 8. d3 d5 9. exd5 exd5 10. Bb3 b5 11.
O-O c4 12. dxc4 dxc4 13. Qxd8+ Nxd8 14. Nxb5 cxb3 15. Nc7+ Kd7 16. Nxa8 bxc2
17. Rf2 17... Bb7 {letzter Buchzug} 18. Rxc2 Bxa8 19. Bf4 Ndc6 20. Rd1+ Ke8 21.
Re2 Rf8 22. Bd6 Rf5 23. b4 a5 24. a3 Bf6 25. Bc5 Bb7 26. Rd6 Kf7 27. Rd7 Bc8
28. Rc7 Be6 29. Rd2 Bd5 30. Nd4 30... axb4 $4 (30... Bxd4+ 31. Bxd4 axb4 32.
axb4 Nxb4 33. g4 $11) 31. axb4 (31. Nxf5 $142 31... gxf5 32. Rxd5 $18) 31...
Nxb4 $4 (31... Nxd4 $142 32. Bxd4 Bxd4+ 33. Rxd4 33... Bc6 $11) 32. Rxe7+ $1 (
32. Bxb4 $6 32... Re5 $18) 1/2-1/2

[Event "Bad Woerishofen op"]
[Site "Bad Woerishofen"]
[Date "2001.??.??"]
[Round "9"]
[White "Kugelmann, Werner"]
[Black "Mukic, Joschko"]
[Result "0-1"]
[WhiteElo "2159"]
[BlackElo "2263"]
[Annotator "ChessOrg"]
[PlyCount "36"]
[EventDate "1998.03.05"]
[Source "ChessBase"]
[SourceDate "1998.04.29"]

1. e4 {B01: Skandinavische Verteidigung} 1... d5 2. exd5 Qxd5 3. Nc3 Qa5 4. d4
c6 5. Bc4 Bf5 6. Nf3 Nf6 7. O-O e6 8. Re1 Nbd7 9. Bb3 {letzter Buchzug} 9...
Be7 10. h3 h6 11. Ne5 Nxe5 12. Rxe5 Qc7 13. Qf3 O-O-O 14. Be3 Bh7 15. Re1 Bd6
16. Bc1 (16. Bxh6 Bxe5 17. dxe5 gxh6 18. Qxf6 18... h5 $15) 16... Bxe5 $17 17.
dxe5 17... Ne4 $4 (17... Nd5 $17 $142) 18. Nxe4 $18 (18. Rxe4 $6 18... Bxe4 19.
Qxe4 19... Rd7 $11) 18... Qxe5 (18... Qxe5 19. Qxf7 19... Bf5 $18) (18... Bxe4
19. Rxe4 Rd7 20. Be3 $18) 0-1